000 00299nam a22001217a 4500
008 160518b xxu||||| |||| 00| 0 eng d
020 _a9780781790970
020 _a9780781790970
041 _aeng
080 _a618.2
245 _aPsychiatric mental health nursing:
_cWanda K. Mohr;
942 _2udc
_cBK
999 _c2177
_d2177